El ensilado como reserva estratégica de un sistema ganadero : un estudio de caso /

Guardado en:
Autor Principal: Reinhardt, Lucas Gabriel.
Autor Corporativo: Universidad Nacional del Sur. Departamento de Agronomía
Otros Autores: Chimeno, Patricia del Valle, (tutor.)
Formato: Libro
Idioma:Spanish
Publicado: Bahía Blanca, 2016.
Etiquetas: Agregar Etiqueta
Sin Etiquetas, Sea el primero en etiquetar este registro!
LEADER 00754nam a22001695a 4500
001 EEA.libagro010761
005 20181011082113.0
008 160928s2016####ag#a##########000#0#spa#d
082 0 4 |a 636.08552 
100 1 |a Reinhardt, Lucas Gabriel. 
245 1 0 |a El ensilado como reserva estratégica de un sistema ganadero :  |b un estudio de caso /  |c Lucas Gabriel Reinhardt. 
260 |a Bahía Blanca,  |c 2016. 
300 |a 32 h. :  |b il. (algunas col.) ;  |c 30 cm. 
500 |a Trabajo de intensificación (Ingeniero Agrónomo) -- Universidad Nacional del Sur. Departamento de Agronomía, 2016. 
700 1 |a Chimeno, Patricia del Valle,  |e tutor. 
710 2 |a Universidad Nacional del Sur.  |b Departamento de Agronomía 
859 |a AR-BbBCA  |b BIB. AGRONOMIA  |h 636.08552  |i R368  |p 2016/6726